00745nam a22002177a 45000050016000000100015000160200023000310200026000540350013000800370013000930820008001062450070001142600043001842700049002273000030002766500023003067000026003299420022003559990017003779520133003942010081902192.0 aENG-100929 c850.00a8185931771 c850.00a9788185931777 aEN-84462 bDBAD/PUB a510 aThe collected papers of M.S.Narasimhan /cedited by Nitin Nitsure aNew DelhibHindustan Book Agencyc2007 bNew DelhiaP 19 Green Park Extensione110016 a419p.c24cm (Hb)ephotoes aMathematics915349 aNitsure, Nitin915350 2ddccENh510mCOL c42629d42629 001040718NFICaDBADbDBADd2010-08-19eDBAD/PUBg850.00l0o510 COLpEN-84462r2010-08-19 00:00:00t1v850.00w2010-08-19yEN